Economics : (Record no. 1101)

MARC details
000 -LEADER
fixed length control field 00710cam a22002292 4500
001 - CONTROL NUMBER
control field 0000019512
005 - DATE AND TIME OF LATEST TRANSACTION
control field 20151021151134.0
008 - FIXED-LENGTH DATA ELEMENTS--GENERAL INFORMATION
fixed length control field 110105s xx 000 0 eng d
020 ## - INTERNATIONAL STANDARD BOOK NUMBER
International Standard Book Number 0324323436
040 ## - CATALOGING SOURCE
Original cataloging agency KABU
Transcribing agency KABU
050 #0 - LIBRARY OF CONGRESS CALL NUMBER
Classification number HB171.5
Item number .B38 2006
100 1# - MAIN ENTRY--PERSONAL NAME
Personal name Baumol, William J.
-- 0000149958
245 10 - TITLE STATEMENT
Title Economics :
Remainder of title principles and policy /
Statement of responsibility, etc. William J. Baumol, Alan S. Blinder.
250 ## - EDITION STATEMENT
Edition statement International student ed.
260 ## - PUBLICATION, DISTRIBUTION, ETC. (IMPRINT)
Place of publication, distribution, etc. Mason, OH :
Name of publisher, distributor, etc. Thomson,
Date of publication, distribution, etc. c2006.
300 ## - PHYSICAL DESCRIPTION
Extent xxxi, 796 p.
650 #0 - SUBJECT ADDED ENTRY--TOPICAL TERM
Topical term or geographic name as entry element Economics.
-- 0000148279
700 1# - ADDED ENTRY--PERSONAL NAME
Personal name Blinder, Alan S.
-- 0000149959
852 1# - LOCATION
-- p4495 KES
908 ## - PUT COMMAND PARAMETER (RLIN)
Put command parameter 110105
950 ## - LOCAL HOLDINGS (RLIN)
-- 1
Holdings
Withdrawn status Lost status Source of classification or shelving scheme Not for loan Home library Current library Date acquired Total Checkouts Full call number Barcode Date last seen Date last checked out Price effective from Koha item type Copy number Total Renewals
    Library of Congress Classification   Kabarak, Main Campus Kabarak, Main Campus 17/12/2015 7 HB171.5 .B38 2006 c. 1 23157 02/08/2024 27/02/2020 17/12/2015 General Collection    
    Library of Congress Classification   Kabarak, Main Campus Kabarak, Main Campus 17/12/2015 7 HB171.5 .B38 2006 c. 2 23049 02/08/2024 19/11/2022 17/12/2015 General Collection   2
    Library of Congress Classification   Kabarak, Nakuru City Campus Kabarak, Nakuru City Campus 21/10/2015 3 HB171.5 .B38 2006 c. 1 23050 21/01/2019 21/01/2019 21/10/2015 General Collection    
    Library of Congress Classification   Kabarak, Nakuru City Campus Kabarak, Nakuru City Campus 21/10/2015 1 HB171.5 .B38 2006 c. 2 20188 21/01/2019 21/01/2019 21/10/2015 General Collection c.2  
Designed with assistance from East African Informatics Ltd